000 00690nam a2200217Ia 4500
005 20241212122556.0
008 210303s9999 xx 000 0 und d
016 _2reto2022b
040 _aNLN
_bEnglish
050 _aPQ4285
_b.E5
082 _a858.109
100 _aWRIGHT, Herbert Gladstone
_d1888
_eaut
_946548
245 0 _aBoccaccio in England, from Chaucer to Tennyson /
_cHerbert Gladstone Wright
260 _aN. J. :
_bEssential Books,
_c1957
300 _axiv, 495p.
_b;24cm.
500 _aBibliographical footnotes
563 _a(pbk)
650 _aBoccaccio, Giovanni, 1313-1375
_vInfluence
_946549
650 _aEnglish literature
_vHistory. & criticism
_962042
942 _cBK
999 _c25111
_d25111